Market report: Hertfordshire and North London Boroughs (Record no. 43678)

MARC details
000 -LEADER
fixed length control field 01282cab a2200457 4500
001 - CONTROL NUMBER
control field ABS52268
008 - FIXED-LENGTH DATA ELEMENTS--GENERAL INFORMATION
fixed length control field 090401t1995 xxu||||| |||| 00| 0 eng d
035 ## - SYSTEM CONTROL NUMBER
System control number (Sirsi) u69536
041 ## - LANGUAGE CODE
Language code of text/sound track or separate title eng
245 ## - TITLE STATEMENT
Title Market report: Hertfordshire and North London Boroughs
260 ## - PUBLICATION, DISTRIBUTION, ETC.
Date of publication, distribution, etc. 1995
350 ## - PRICE (NR) (BK AM CF MU VM SE) [OBSOLETE]
Price 0
490 ## - SERIES STATEMENT
Series statement Property Week
Volume/sequential designation 50(7) 16 February 1995, 34-66(9)
650 ## - SUBJECT ADDED ENTRY--TOPICAL TERM
Topical term or geographic name entry element A1/M1 CORRIDOR
650 ## - SUBJECT ADDED ENTRY--TOPICAL TERM
Topical term or geographic name entry element BARNET
650 ## - SUBJECT ADDED ENTRY--TOPICAL TERM
Topical term or geographic name entry element BUSINESS PARKS
650 ## - SUBJECT ADDED ENTRY--TOPICAL TERM
Topical term or geographic name entry element DEMOGRAPHICS
650 ## - SUBJECT ADDED ENTRY--TOPICAL TERM
Topical term or geographic name entry element ENFIELD
650 ## - SUBJECT ADDED ENTRY--TOPICAL TERM
Topical term or geographic name entry element HARROW
650 ## - SUBJECT ADDED ENTRY--TOPICAL TERM
Topical term or geographic name entry element HATFIELD
650 ## - SUBJECT ADDED ENTRY--TOPICAL TERM
Topical term or geographic name entry element HEMEL HEMPSTEAD
650 ## - SUBJECT ADDED ENTRY--TOPICAL TERM
Topical term or geographic name entry element HERTFORDSHIRE
650 ## - SUBJECT ADDED ENTRY--TOPICAL TERM
Topical term or geographic name entry element INDUSTRIAL MARKET
650 ## - SUBJECT ADDED ENTRY--TOPICAL TERM
Topical term or geographic name entry element INDUSTRIAL RENTS
650 ## - SUBJECT ADDED ENTRY--TOPICAL TERM
Topical term or geographic name entry element NORTH LONDON
650 ## - SUBJECT ADDED ENTRY--TOPICAL TERM
Topical term or geographic name entry element PROPERTY-COMMERCIAL PROPERTY-OFFICE PROPERTY-OFFICE PROPERTY MARKET
650 ## - SUBJECT ADDED ENTRY--TOPICAL TERM
Topical term or geographic name entry element OFFICE RENTS
650 ## - SUBJECT ADDED ENTRY--TOPICAL TERM
Topical term or geographic name entry element PARTNERSHIP FOR PROSPERITY
650 ## - SUBJECT ADDED ENTRY--TOPICAL TERM
Topical term or geographic name entry element PLANNING ISSUES
650 ## - SUBJECT ADDED ENTRY--TOPICAL TERM
Topical term or geographic name entry element PROPERTY-COMMERCIAL PROPERTY-RETAIL PROPERTY-RETAIL PROPERTY MARKET
650 ## - SUBJECT ADDED ENTRY--TOPICAL TERM
Topical term or geographic name entry element RETAIL RENTS
650 ## - SUBJECT ADDED ENTRY--TOPICAL TERM
Topical term or geographic name entry element ST ALBANS
650 ## - SUBJECT ADDED ENTRY--TOPICAL TERM
Topical term or geographic name entry element STEVENAGE
650 ## - SUBJECT ADDED ENTRY--TOPICAL TERM
Topical term or geographic name entry element TRANSPORT ISSUES
650 ## - SUBJECT ADDED ENTRY--TOPICAL TERM
Topical term or geographic name entry element UXBRIDGE
650 ## - SUBJECT ADDED ENTRY--TOPICAL TERM
Topical term or geographic name entry element WATFORD
650 ## - SUBJECT ADDED ENTRY--TOPICAL TERM
Topical term or geographic name entry element WELWYN HATFIELD
690 ## - LOCAL SUBJECT ADDED ENTRY--TOPICAL TERM (OCLC, RLIN)
Topical term or geographic name as entry element PROPERTY-COMMERCIAL PROPERTY-COMMERCIAL PROPERTY MARKET
942 ## - ADDED ENTRY ELEMENTS (KOHA)
Suppress in OPAC 0
948 ## - LOCAL PROCESSING INFORMATION (OCLC); SERIES PART DESIGNATOR (RLIN)
c (OCLC) 04/03/1997
Holdings
Withdrawn status Lost status Source of classification or shelving scheme Damaged status Not for loan Home library Current library Shelving location Date acquired Total Checkouts Full call number Barcode Date last seen Copy number Price effective from Koha item type
    Dewey Decimal Classification     London London Journal article 14/09/1999   ABS52268 69536-1001 06/08/2019 1 06/08/2019 Journal article